Stress mediated responses of own rooted peach cultivars (Record no. 45824)

MARC details
000 -LEADER
fixed length control field 00364nam a2200133Ia 4500
100 ## - MAIN ENTRY--AUTHOR NAME
Personal name Couvillon Garry A
245 #0 - TITLE STATEMENT
Title Stress mediated responses of own rooted peach cultivars
260 ## - PUBLICATION, DISTRIBUTION, ETC. (IMPRINT)
Name of publisher Acta Horticulturae
Year of publication 1989
300 ## - PHYSICAL DESCRIPTION
Number of Pages 220-231
700 ## - ADDED ENTRY--PERSONAL NAME
Personal name Aparist Joaquin Gomez
700 ## - ADDED ENTRY--PERSONAL NAME
Personal name Rieger Mark
942 ## - ADDED ENTRY ELEMENTS (KOHA)
Koha item type Reprints
Holdings
Withdrawn status Lost status Damaged status Not for loan Home library Current library Date acquired Serial Enumeration / chronology Accession Number Koha item type
      Reprints RRII Library RRII Library 22/12/2021 Volume 243, Issue P1374 Reprints